000 01750nam a22002897a 4500
005 20090511103413.0
008 090511t xxu||||| |||| 00| 0 pun d
010 _aB-396013-6016
020 _c300.00
_a8171426484
020 _c300.00
_a9788171426485
035 _aB-396013-6016
037 _bਨੇਸ਼ਨਲ ਬੁਕ ਸ਼ਾਪ
040 _adpl
_bpn
082 _a921
100 _aਤਰਸੇਮ, ਐੱਸ
_9619
245 _aਧ੍ਰਿਤਰਾਸ਼ਟਰ /
_cਐੱਸ. ਤਰਸੇਮ
246 _aDhartrashtarj
_bby S. Tarsem
260 _aਚੰਡੀਗਡ਼
_bਲੋਕ ਗੀਤ ਪ੍ਰਕਾਸਨ
_c2009
270 _aS.C.O-26-27, Sector-34,
_bChandigarh
_e160022
_k0172-5077427, 5077428
300 _a308 ਪੰ.
_c22 ਸੇਮੀ (ਸਜਿ਼ਲਦ)
942 _2ddc
_cPN
_h921
_mਧ੍ਰਿਤਰਾ
999 _c37688
_d37688